| 000 | 01209nam a22003257a 4500 | ||
|---|---|---|---|
| 003 | CHAP | ||
| 005 | 20220329134805.0 | ||
| 008 | 971013c19721968 r 00010 d | ||
| 010 | _a25948 | ||
| 011 | _a26920 | ||
| 035 | _a31021 | ||
| 040 | _cCHAP | ||
| 082 |
_a303 _bI5 |
||
| 245 | _aInternational encyclopedia of the social sciences | ||
| 260 |
_aNew York : _bMacMillan, _c1972 (c.1968) |
||
| 300 | _a17 v. en 8 t | ||
| 590 |
_aBATCH-UPD _b10 _c20130110 _lUCH01 _h2332 |
||
| 590 |
_aCONVERSION _b10 _c20130109 _lUCH01 _h1315 |
||
| 650 | 1 | 4 |
_aCiencias sociales _xDiccionarios. _923217 |
| 901 | _aBK | ||
| 942 | _cLIBRO | ||
| 949 |
_a303 I5 _bBC _cC _d33724000480935 _eC _fv.7-8 _h32794 _i31021 _si |
||
| 949 |
_a303 I5 _bBC _cC _d33724000480943 _eC _fv.11-12 _h32796 _i31021 _si |
||
| 949 |
_a303 I5 _bBC _cC _d33724000480950 _eC _fv.3-4 _h32792 _i31021 _si |
||
| 949 |
_a303 I5 _bBC _cC _d33724000480968 _eC _fv.5-6 _h32793 _i31021 _si |
||
| 949 |
_a303 I5 _bBC _cC _d33724000480976 _eC _fv.9-10 _h32795 _i31021 _si |
||
| 949 |
_a303 I5 _bBC _cC _d33724000480984 _eC _fv.13-14 _h32797 _i31021 _si |
||
| 949 |
_a303 I5 _bBC _cC _d33724000480992 _eC _fv.15-17 _h32798 _i31021 _si |
||
| 949 |
_a303 I5 _bBC _cC _d33724000481008 _eC _fv.1-2 _h32791 _i31021 _si |
||
| 999 |
_c25948 _d25948 |
||